ბათუმის შოთა რუსთაველის სახელმწიფო უნივერსიტეტის ბიბლიოთეკა

მამულო საყვარელო = Вiтчизно кохана : (ბიბ.ჩანაწერი № 46194)

000 -ლიდერი
ფიქსირებული სიგრძის საკონტროლო ველი 01463nam a2200253Ia 4500
001 - საკონტროლო ნომერი
საკონტროლო ველი 13027
003 - საკონტროლო ნომრის იდენტიფიკატორი
საკონტროლო ველი GE_BSU
005 - ბოლო ოპერაციის თარიღი და დრო
საკონტროლო ველი 20240715114838.0
008 - ფიქსირებული სიგრძის მონაცემთა ელემენტები - ზოგადი ინფორმაცია
ფიქსირებული სიგრძის საკონტროლო ველი 181216s2007||||ge |||||||||||||| ||geo||
020 ## - წიგნის საერთაშორისო სტანდარტული ნომერი
International Standard Book Number 978-9941-13-012-0
040 ## - კატალოგიზაციის წყარო
Transcribing agency GE_BSU
041 ## - ენის კოდი
Language code of text/sound track or separate title geo
080 ## - უნივერსალური ათობითი კლასიფიკაციის ინდექსი
Universal Decimal Classification number 821.353.1-1 ჭ-15
100 ## - მთავარი ჩანაწერი - პიროვნების სახელი
Personal name ჭავჭავაძე, ილია
9 (RLIN) 22823
245 ## - ცნობა სათაურის შესახებ
Title მამულო საყვარელო = Вiтчизно кохана :
Remainder of title [ლექსების კრებული ქართ. და უკრ. ენ.] /
Statement of responsibility, etc ილია ჭავჭავაძე ; [წინასიტყვ. : გიორგი ხუბუა, ოთარ ბაქანიძე ; სარედ. კოლ.: ო. ბაქანიძე (მთ. რედ.) და სხვ. ; უკრაინისტიკის ინ-ტი].
264 ## - წარმოების, გამოცემის, დისტრიბუციის და სხვა ცნობები
გამოცემის, წარმოების, დისტრიბუციის... ადგილი თბილისი :
გამოცემის, წარმოების, დისტრიბუციის... სახელწოდება თბილისის უნ-ტის გამ-ბა,
გამოცემის, წარმოების, დისტრიბუციის... თარიღი 2007.
300 ## - ფიზიკური აღწერა
Extent 76 გვ. :
Other physical details ილ. ;
Dimensions 22 სმ.
653 ## - INDEX TERM--UNCONTROLLED
Uncontrolled term მამულო საყვარელო
653 ## - INDEX TERM--UNCONTROLLED
Uncontrolled term ქართულ-უკრაინული ლიტერატურული ურთიერთობები
653 ## - INDEX TERM--UNCONTROLLED
Uncontrolled term ჭავჭავაძე, ილია
700 ## - ADDED ENTRY--PERSONAL NAME
Personal name ბაქანიძე, ო.
Relator term რედაქტორი
9 (RLIN) 4656
710 ## - ADDED ENTRY--CORPORATE NAME
Corporate name or jurisdiction name as entry element უკრაინისტიკის ინსტიტუტი
9 (RLIN) 22824
942 ## - ADDED ENTRY ELEMENTS (KOHA)
Koha item type წიგნი
Source of classification or shelving scheme
ეგზემპლარები
ჩამოწერის სტატუსი დაკარგული ეგზემპლარის სტატუსი კლასიფიკაციის წყარო ან თაროზე გაწყობის სქემა დაზიანების სტატუსი არ გაიცემა მუდმივი მდებარეობა (დაცვის ადგილი) ამჟამინდელი ადგილსამყოფელი თაროზე განთავსების ადგილი შეძენის თარიღი სრული შენახვის შიფრი შტრიხკოდი ბოლო ოპერაციის თარიღი ეგზემპლარის მიმდევრობითი ნომერი (კეტერი?) ფასის ძალაში შესვლის თარიღი ეგზემპლარის სახეობა
          ბათუმის შოთა რუსთაველის სახელმწიფო უნივერსიტეტის მთავარი ბიბლიოთეკა ბათუმის შოთა რუსთაველის სახელმწიფო უნივერსიტეტის მთავარი ბიბლიოთეკა წიგნსაცავი 2018-12-17 821.353.1-1 ჭ-15 27138 2018-12-17 27138 2018-12-17 წიგნი